Monitoring Positioning Accuracy of the Basic Functional Units of Technological Machines; Applied Mechanics and Materials; Vol. 770 : Urgent Problems of Up-to-Date Mechanical Engineering

التفاصيل البيبلوغرافية
Parent link:Applied Mechanics and Materials: Scientific Journal
Vol. 770 : Urgent Problems of Up-to-Date Mechanical Engineering.— 2015.— [P. 612-616]
المؤلف الرئيسي: Mescheryakov Y. E.
مؤلف مشترك: Национальный исследовательский Томский политехнический университет (ТПУ) Институт кибернетики (ИК) Кафедра автоматики и компьютерных систем (АИКС)
مؤلفون آخرون: Korikov A. M. Anatoly Mikhailovich
الملخص:Title screen
Creating of devices for accurate positioning in the space of the basic functional units of technological machines is the actual problem of modern engineering. Ways of the elaboration of the hardware-software complex for this need are described. Results of testing of the proposed complex are reported.
Режим доступа: по договору с организацией-держателем ресурса
اللغة:الإنجليزية
منشور في: 2015
سلاسل:Mechatronics, Automation and Control
الموضوعات:
الوصول للمادة أونلاين:http://dx.doi.org/10.4028/www.scientific.net/AMM.770.612
التنسيق: MixedMaterials الكتروني فصل الكتاب
KOHA link:https://koha.lib.tpu.ru/cgi-bin/koha/opac-detail.pl?biblionumber=643438

MARC

LEADER 00000nla2a2200000 4500
001 643438
005 20231101134250.0
035 |a (RuTPU)RU\TPU\network\8430 
035 |a RU\TPU\network\8424 
090 |a 643438 
100 |a 20150909a2015 k y0engy50 ba 
101 0 |a eng 
105 |a a z 101zy 
135 |a drcn ---uucaa 
181 0 |a i  
182 0 |a b 
200 1 |a Monitoring Positioning Accuracy of the Basic Functional Units of Technological Machines  |f Y. E. Mescheryakov, A. M. Korikov 
203 |a Text  |c electronic 
225 1 |a Mechatronics, Automation and Control 
300 |a Title screen 
330 |a Creating of devices for accurate positioning in the space of the basic functional units of technological machines is the actual problem of modern engineering. Ways of the elaboration of the hardware-software complex for this need are described. Results of testing of the proposed complex are reported. 
333 |a Режим доступа: по договору с организацией-держателем ресурса 
461 0 |0 (RuTPU)RU\TPU\network\5920  |t Applied Mechanics and Materials  |o Scientific Journal 
463 0 |0 (RuTPU)RU\TPU\network\8263  |t Vol. 770 : Urgent Problems of Up-to-Date Mechanical Engineering  |o International conference, December 11-12, 2014, Yurga, Russia  |o [proceedings]  |f National Research Tomsk Polytechnic University (TPU) ; ed. D. A. Chinakhov  |v [P. 612-616]  |d 2015 
610 1 |a электронный ресурс 
610 1 |a труды учёных ТПУ 
610 1 |a функциональные элементы 
610 1 |a технологические машины 
610 1 |a точность 
610 1 |a функциональные узлы 
610 1 |a аппаратно-программные комплексы 
700 1 |a Mescheryakov  |b Y. E. 
701 1 |a Korikov  |b A. M.  |c radio physicist, specialist in the field of informatics and computer engineering  |c Professor of Tomsk Polytechnic University, doctor of technical sciences  |f 1942-  |g Anatoly Mikhailovich  |2 stltpush  |3 (RuTPU)RU\TPU\pers\35166 
712 0 2 |a Национальный исследовательский Томский политехнический университет (ТПУ)  |b Институт кибернетики (ИК)  |b Кафедра автоматики и компьютерных систем (АИКС)  |h 125  |2 stltpush  |3 (RuTPU)RU\TPU\col\18698 
801 2 |a RU  |b 63413507  |c 20150910  |g RCR 
856 4 0 |u http://dx.doi.org/10.4028/www.scientific.net/AMM.770.612 
942 |c CF